02773nam a2200349 a 4500001001000000003000600010005001700016008004100033035002100074040002500095090002800120100003700148245010900185250001100294260004300305300002600348490003000374500006000404504007300464505142200537651002901959651004101988651004202029650003502071700004902106830003502155910003902190952013102229994001402360999002802374049002102402000008712OCoLC20200929161408.0090907s1985 ve 001 0 spa d a(OCoLC)435999709 aDO-SdBNPbspacBNPHU a320.097253bS572e, 19851 aSierra, Justo,d1848-191292319810aEvolución política del pueblo mexicano /cJusto Sierra ; prólogo y cronología Abelardo Villegas. a2a ed. aCaracas :bBiblioteca Ayacucho,c1985. axxv, 421 p. ;c24 cm.1 aBiblioteca Ayacucho ;v21 aIncluye cronología biográfica del autor: p. 330-415 aIncluye referencias bibliográficas y notas al pie de las páginas0 aPrólogo / Abelardo Villegas -- Criterio de esta edición -- Libro primero. Las civilizaciones aborígenes y la conquista -- Capítulo. I. Civilizaciones aborígenes -- Capítulo. II. Civilizaciones aborígenes -- Capítulo. III. La conquista -- Libro segundo. EL período colonial y la independencia -- Capítulo. I. Fundadores y pobladores -- Capítulo. II. Los pacificadores -- Capítulo. III. Organización social -- Capítulo. IV. Organización política -- Capítulo. V. El crecimiento social (siglos xvi y xvii) -- Capítulo. VI. El crecimiento social (siglo xviii) -- Capítulo. VII. La independencia -- Capítulo.VIII. La independencia -- Libro tercero. La República. -- Primera parte: La anarquía (1825-1848) -- Capítulo. I. El imperio (1821-1823) -- Capítulo. II. Federación y militarismo (1823-1835) -- Capítulo. III. El centralismo y el conflicto con los Estados Unidos (1835-1848) -- Segunda parte: La reforma -- Capítulo. IV. Reorganización y reacción (1848-1857) -- Capítulo. V. La guerra de los tres años (1858-1860) -- Capítulo. VI. La intervención (1861-1867) -- Tercera parte: La era actual -- México social y político (apuntes para un libro) -- Capítulo. I. Etnografía y demografía -- Capítulo. II. Geografía, economía, educación y colonización -- Capítulo. III. Gobierno e historia política -- Cronología -- Bibliografía. 4aMéxicoxHistoria95710 4aMéxicoxPolítica Y Gobierno9539 4aMéxicoxCondiciones Sociales918553 4aIndígenas de méxico9169761 aVillegas, Abelardo,d1934 -,epról.923199 0aBiblioteca Ayacuchon21923200 aValidado. Control de calidad BNPHU 001052708MOaGRbGRcCTd2009-09-18iLF1l0o320.097253 S572e, 1985p8712-10r2020-06-25w2020-06-25y2ZPréstamo interno aC0bBNPHU99a1 n0000144c8482d8482 aBNPDc1 [005082]